000 00246nam a2200109Ia 4500
008 190216s9999||||xx |||||||||||||| ||und||
100 _aGupta .a.k.s
245 0 _aManagement Accountancy
260 _bMacmillan
_c1971
300 _a496p
942 _cBK
999 _c4162
_d4162